UBT Library

THE ELEMENTS OF STYLE (Record no. 58909)

000 -LEADER
fixed length control field 00315nam a22001457a 4500
008 - FIXED-LENGTH DATA ELEMENTS--GENERAL INFORMATION
fixed length control field 221116b ||||| |||| 00| 0 eng d
020 ## - INTERNATIONAL STANDARD BOOK NUMBER
International Standard Book Number 9780671739812
041 ## - LANGUAGE CODE
Language code of text/sound track or separate title eng
080 ## - UNIVERSAL DECIMAL CLASSIFICATION NUMBER
Universal Decimal Classification number 72
082 ## - DEWEY DECIMAL CLASSIFICATION NUMBER
Classification number 72 CAL
100 ## - Rafti
Rafti 19.1
101 ## - Shkurtesa
Shkurtesa ARK
245 ## - TITLE STATEMENT
Title THE ELEMENTS OF STYLE
Statement of responsibility, etc CALLOWAY S
942 ## - ADDED ENTRY ELEMENTS (KOHA)
Source of classification or shelving scheme
Item type Books
Holdings
Withdrawn status Lost status Source of classification or shelving scheme Damaged status Not for loan Collection code Permanent location Current location Date acquired Total Checkouts Full call number Barcode Date last seen Price effective from Koha item type
          Koleksioni i përgjithshem UBT - Lipjan UBT - Lipjan 11/16/2022   72 CAL 002-800028700260681 11/16/2022 11/16/2022 Books
UBT Library © 2015-2024. All rights reserved University Education for Business and Technology